000 00674nam a22002177a 4500
003 UA-OsUOA
001 107036
007 ta
008 20140701b un ||||| |||| 00| 0 ukr d
100 _aЧечуліна О.О.
090 _a330(477)
_bЧ-57
942 _cSA
040 _aUA-OsUOA
_bukr
_cUA-OsUOA
_dUA-OsUOA
245 _aСвітові тенденції та перспективи розвитку державного фінансового контролю
300 _aС.44-54
955 _a0
041 _aukr
080 _a330(477)
773 0 _w107034
_tФінанси України
_dК.
_d2014
_g2
650 7 _a330 Економіка взагалі
_2UDC
999 _c393246
_d393246